banner koha

Adição de plasma bovino em salmouras para injeção de coxão duro bovino (m. Biceps Femoris)e seus efeitos no ph e na carga microbiana de bifes cozidos, embalados a vácuo e mantidos sob refrigeração (Registro n. 214838)

MARC details
000 -LÍDER
campo de controle de tamanho fixo 01026nas a2200301 4500
001 - NÚMERO DE CONTROLE
campo de controle BR2011005506
003 - IDENTIFICADOR DO NÚMERO DE CONTROLE
campo de controle BR-BrBNA
005 - DATA E HORÁRIO DA ÚLTIMA TRANSAÇÃO
campo de controle 20231205115623.0
007 - CAMPO FIXO DE DESCRIÇÃO FÍSICA--INFORMAÇÃO GERAL
campo de controle de tamanho fixo ta
008 - CAMPO DE DADOS FIXOS--INFORMAÇÃO GERAL
campo de controle de tamanho fixo 230509b bl.|||p| |||| 00| 00por d
040 ## - FONTE DA CATALOGAÇÃO
Instituição da catalogação original BR-BrBNA
Idioma da catalogação por
Instituição que transcreveu o registro Biblioteca Nacional de Agricultura
041 ## - CÓDIGO DE IDIOMA
Código do idioma do texto/trilha sonora ou título diferente (Pt)
072 ## - CÓDIGO DE CATEGORIA DE ASSUNTO
Código de Categoria de Assunto Q02; Q03
100 1# - ENTRADA PRINCIPAL--NOME PESSOAL
Nome pessoal Iocca, A.F.S.
100 1# - ENTRADA PRINCIPAL--NOME PESSOAL
Nome pessoal Catanozi, M. da P.L.M.
100 1# - ENTRADA PRINCIPAL--NOME PESSOAL
Nome pessoal Lemos, A.L. da S.C.
245 1# - TÍTULO
Título Adição de plasma bovino em salmouras para injeção de coxão duro bovino (m. Biceps Femoris)e seus efeitos no ph e na carga microbiana de bifes cozidos, embalados a vácuo e mantidos sob refrigeração
650 ## - ASSUNTO--TERMO TÓPICO
Cabeçalho tópico ou nome geográfico BOVINO
650 ## - ASSUNTO--TERMO TÓPICO
Cabeçalho tópico ou nome geográfico CARNE
650 ## - ASSUNTO--TERMO TÓPICO
Cabeçalho tópico ou nome geográfico SALMOURA
650 ## - ASSUNTO--TERMO TÓPICO
Cabeçalho tópico ou nome geográfico PROCESSAMENTO
650 ## - ASSUNTO--TERMO TÓPICO
Cabeçalho tópico ou nome geográfico PRESERVAÇÃO DE ALIMENTO
650 ## - ASSUNTO--TERMO TÓPICO
Cabeçalho tópico ou nome geográfico REFRIGERAÇÃO
650 ## - ASSUNTO--TERMO TÓPICO
Cabeçalho tópico ou nome geográfico QUALIDADE
773 0# - ENTRADA ANALÍTICA
Título Alimentos e Nutrição (Brazil)
ISSN - International Standard Serial Number ISSN 0103-4235
Partes relacionadas (Jul-Sep 2010), v. 21(3) p. 443-452
Número de controle do registro BR2011005506
909 ## -
-- 202311
-- Lúcia
-- 55
-- Lúcia Elande
942 ## - ELEMENTOS DE ENTRADA ADICIONADOS (KOHA)
Fonte da classificação ou esquema de arquivamento na estante Classificação AGRIS
Ocultar no OPAC Não
Tipo de material Koha Analítica
Exemplares
Situação do descarte Fonte da classificação ou esquema de arquivamento na estante Situação física Não pode ser emprestado Biblioteca de origem Biblioteca atual Localização na estante Enumeração do periódico / cronologia Total de empréstimos Data de último acesso Número do exemplar Tipo de material Koha Fonte de aquisição
  Classificação AGRIS   Consulta local Biblioteca Nacional de Agricultura - Binagri Biblioteca Nacional de Agricultura - Binagri   (Jul-Sep 2010), v. 21(3) p. 443-452   29/11/2023 01 Periódicos Portaria Interministerial nº 164/94

BINAGRI

Telefone: (61)3218-2567/2388/3357/2097 - binagri@agro.gov.br

Ministério da Agricultura e Pecuária , Esplanada dos Ministérios, Bloco D, Anexo B, Brasília/DF, CEP: 70.043-900